UM Logo

High-dimensionality personality structure in the natural language: (Record no. 20674)

MARC details
000 -LEADER
fixed length control field 00960nam a22002057a 4500
005 - DATE AND TIME OF LATEST TRANSACTION
control field 20260305110802.0
008 - FIXED-LENGTH DATA ELEMENTS--GENERAL INFORMATION
fixed length control field 240820b ||||| |||| 00| 0 eng d
082 ## - DEWEY DECIMAL CLASSIFICATION NUMBER
Classification number DPer 155.205 J826 October-December 2020 v. 119 n. 4-6
100 ## - MAIN ENTRY--PERSONAL NAME
Personal name Saucier, Gerard.
Relator term author.
9 (RLIN) 58416
245 ## - TITLE STATEMENT
Title High-dimensionality personality structure in the natural language:
Remainder of title further analyses of classic sets of english-language trait-adjectives /
Statement of responsibility, etc. Gerard Saucier, and Kathryn Iurino.
260 ## - PUBLICATION, DISTRIBUTION, ETC. (IMPRINT)
Place of publication, distribution, etc. Washington, DC ;
Name of publisher, distributor, etc. American Psychological Association ,
Date of publication, distribution, etc. November 2020.
300 ## - PHYSICAL DESCRIPTION
Extent Volume 119, pages 1188-1219 :
Other physical details illustration ;
Dimensions 28 cm.
500 ## - GENERAL NOTE
General note Journal of Personality and Social Psychology, vol. 119, no. 4, pages 1188-1219, October 2020.
650 ## - SUBJECT ADDED ENTRY--TOPICAL TERM
Topical term or geographic name as entry element Personality.
9 (RLIN) 61271
650 ## - SUBJECT ADDED ENTRY--TOPICAL TERM
Topical term or geographic name as entry element Language and languages.
9 (RLIN) 61272
650 ## - SUBJECT ADDED ENTRY--TOPICAL TERM
Topical term or geographic name as entry element Individuality.
9 (RLIN) 19964
700 ## - ADDED ENTRY--PERSONAL NAME
Personal name Saucier, Gerard.
Relator term author.
9 (RLIN) 58416
700 ## - ADDED ENTRY--PERSONAL NAME
Personal name Iurino, Kathryn.
Relator term author.
9 (RLIN) 58417
942 ## - ADDED ENTRY ELEMENTS (KOHA)
Source of classification or shelving scheme Dewey Decimal Classification
Koha item type Periodicals
Holdings
Withdrawn status Lost status Source of classification or shelving scheme Damaged status Not for loan Collection code Home library Current library Date acquired Total Checkouts Full call number Date last seen Price effective from Koha item type Public note
    Dewey Decimal Classification     Periodicals UM Digos College - LIC UM Digos College - LIC 08/20/2024   DPer 155.205 J826 October-December 2020 v. 119 n. 4-6 08/20/2024 08/20/2024 Periodicals Periodical Article